00995cam a22002651 4500001001300000003000400013005001700017008004100034010001700075035001900092040005100111050002200162051001600184100004800200245009300248260004300341300007400384410004500458500005100503504003200554650004900586650004300635740003400678999001700712gs 27000172 DLC20260227111331.0780912s1927 dcuafb f000 0 eng c ags 27000172  a(OCoLC)4216816 aLibrary, U.S. Geological SurveycTxUdTxUdDLC00aQE75b.B9 no. 789 aQE84.I6bM61 aMoffit, Fred H.q(Fred Howard),d1874-1958?14aThe Iniskin-Chinitna Peninsula and the Snug Harbor district, Alaska,cby Fred H. Moffit. aWashington,bGovt. Print. Off.,c1927. aiv, 71 p.b11 pl. (part fold., incl. 5 maps) tables (1 fold.)c23 cm.20aGeological Survey (U.S.).tBulletinv789 aAt head of title: Department of the Interior. aBibliographical references. 0aGeologyzAlaskazIniskin-Chinitna Peninsula. 0aGeologyzAlaskazSnug Harbor district.02aSnug Harbor district, Alaska. c26559d26559